ARRUPE JESUIT UNIVERSITY

CORONAVIRUS -STOP THE SPREAD - CLEAN,DISINFECT,COVER

Socrates : (Record no. 120810)

MARC details
000 -LEADER
fixed length control field 01412cam a22003854a 4500
001 - CONTROL NUMBER
control field 7369623
003 - CONTROL NUMBER IDENTIFIER
control field ARRUPE
005 - DATE AND TIME OF LATEST TRANSACTION
control field 20140910114233.0
008 - FIXED-LENGTH DATA ELEMENTS--GENERAL INFORMATION
fixed length control field 081103s2009 enk b 001 0deng
010 ## - LIBRARY OF CONGRESS CONTROL NUMBER
LC control number 2008047958
020 ## - INTERNATIONAL STANDARD BOOK NUMBER
International Standard Book Number 9780826463777 (hb)
020 ## - INTERNATIONAL STANDARD BOOK NUMBER
International Standard Book Number 0826463770 (hb)
020 ## - INTERNATIONAL STANDARD BOOK NUMBER
International Standard Book Number 9780826433251 (pb)
020 ## - INTERNATIONAL STANDARD BOOK NUMBER
International Standard Book Number 0826433251 (pb)
024 ## - OTHER STANDARD IDENTIFIER
Standard number or code 40017074025
035 ## - SYSTEM CONTROL NUMBER
System control number (OCoLC)ocn269455842
035 ## - SYSTEM CONTROL NUMBER
System control number (OCoLC)269455842
035 ## - SYSTEM CONTROL NUMBER
System control number (NNC)7369623
040 ## - CATALOGING SOURCE
Original cataloging agency DLC
Transcribing agency DLC
Modifying agency BTCTA
-- YDXCP
-- UKM
-- BWKUK
-- BWK
050 00 - LIBRARY OF CONGRESS CALL NUMBER
Classification number B317
Item number .A39 2009
082 00 - DEWEY DECIMAL CLASSIFICATION NUMBER
Classification number 183/.2
Edition number 22
082 #4 - DEWEY DECIMAL CLASSIFICATION NUMBER
Classification number 180
300 ## - PHYSICAL DESCRIPTION
Dimensions 23 cm.
100 1# - MAIN ENTRY--PERSONAL NAME
Personal name Ahbel-Rappe, Sara,
Dates associated with a name 1960-
9 (RLIN) 11179
245 10 - TITLE STATEMENT
Title Socrates :
Remainder of title a guide for the perplexed /
Statement of responsibility, etc Sara Ahbel-Rappe.
260 ## - PUBLICATION, DISTRIBUTION, ETC. (IMPRINT)
Place of publication, distribution, etc London ;
-- New York :
Name of publisher, distributor, etc Continuum,
Date of publication, distribution, etc c2009.
300 ## - PHYSICAL DESCRIPTION
Extent viii, 187 p. ;
490 1# - SERIES STATEMENT
Series statement Guides for the perplexed
504 ## - BIBLIOGRAPHY, ETC. NOTE
Bibliography, etc Includes bibliographical references and indexes.
505 0# - FORMATTED CONTENTS NOTE
Formatted contents note Socrates : the man and the myth -- The life and death of Socrates -- The sources for Socrates -- Plato's Socrates -- Socratic method and epistemology -- Happiness and virtue -- The Socratic schools -- Socrates in the modern world -- Citizen Socrates -- Conclusion : Socrates and self-knowledge.
600 00 - SUBJECT ADDED ENTRY--PERSONAL NAME
Personal name Socrates.
9 (RLIN) 11180
830 #0 - SERIES ADDED ENTRY--UNIFORM TITLE
Uniform title Guides for the perplexed.
9 (RLIN) 11161
942 ## - ADDED ENTRY ELEMENTS (KOHA)
Source of classification or shelving scheme Library of Congress Classification
Koha item type Monograph ( Printed materials)
948 1# - LOCAL PROCESSING INFORMATION (OCLC); SERIES PART DESIGNATOR (RLIN)
Series part designator, SPT (RLIN) 20091027
b (OCLC) c
c (OCLC) hew2
d (OCLC) MPS
Holdings
Withdrawn status Lost status Source of classification or shelving scheme Damaged status Not for loan Collection code Home library Current library Shelving location Date acquired Total Checkouts Full call number Barcode Date last seen Date checked out Price effective from Koha item type
    Library of Congress Classification     Main Collection ARRUPE LIBRARY ARRUPE LIBRARY Main Collection 10/09/2014 6 B317 .A39 2009 46500000509 01/12/2023 24/11/2023 10/09/2014 Monograph ( Printed materials)

 

Arrupe Library. PO Box MP320 Mt Pleasant, Harare, Zimbabwe
263 242 745411|librarian@aju.ac.zw